000 01005nam a2200289 i 4500
003 DO-SdBNP
005 20260218081612.0
007 ta
008 260218b2025 dr a|||| |||| 00| 0 spa d
020 _a9789945948387
040 _aDO-SdBNP
_bspa
_cBNPHU
_erda
041 _aspa
082 4 _axxx
_bT693d
_222
100 _aTorres, Elizabeth,
_eautor
_4aut.
_989035
245 1 3 _aEl duelo de migrar :
_benfrentando el miedo para avanzar con propósito /
_cElizabeth Torres ; prólogo, Elizabeth Medina Díaz
250 _aprimera edición
264 4 _aSanto Domingo :
_beditor no identificado,
_c©2025.
300 _a157 páginas :
_bilustraciones ;
_c23 cm.
336 _atexto
_btxt
_2rdacontent
337 _asin mediación
_bn
_2rdamedia
338 _avolumen
_bnc
_2rdacarrier
500 _aIncluye datos biográficos del autor en las páginas 155-156
590 _aInventariado, 2026/BT
700 1 _aMedina Díaz, Elizabeth,
_eprologuista
_4pr.
_989036
910 _aBtavárez
942 _2ddc
_cLBS1
999 _c60349
_d60349